Southville International School and Colleges
Your cart is empty.
  • Cart
  • Lists
    Public lists Eva Luna New books Lux_list list_1
    Your lists Log in to create your own lists
  • Log in to your account
  • Your cookies
  • Search history
Southville International School and Colleges
  • Advanced search
  • Recent comments
  • Most popular
  • Libraries

Log in to your account

Log in with GOOGLE


If you do not have an external account, but do have a local account, you can still log in:

  1. Home
  2. MARC view: Cyrano de Bergerac :
Normal view MARC view ISBD view

Cyrano de Bergerac : (Record no. 287976)

[ view plain ]
MARC details
000 -LEADER
fixed length control field 00615nam a2200157Ia 4500
008 - FIXED-LENGTH DATA ELEMENTS--GENERAL INFORMATION
fixed length control field 150610s9999 xx 000 0 und d
020 ## - INTERNATIONAL STANDARD BOOK NUMBER
International Standard Book Number 0 451525485
050 ## - LIBRARY OF CONGRESS CALL NUMBER
Classification number  PQ 2635
Item number .O7 C913 1972   
100 ## - MAIN ENTRY--PERSONAL NAME
Personal name Rostand, Edmond, 1868-1918.
245 ## - TITLE STATEMENT
Title Cyrano de Bergerac :
Remainder of title heroic comedy in five acts / 
Statement of responsibility, etc by Edmond Rostand ; translated by Lowell Bair ; with an afterword by Henry Hewes.
260 ## - PUBLICATION, DISTRIBUTION, ETC. (IMPRINT)
Place of publication, distribution, etc New York :
Name of publisher, distributor, etc Penguin Putnam,
Date of publication, distribution, etc 1972.
300 ## - PHYSICAL DESCRIPTION
Extent 220pages ;
Dimensions 18 cm.
520 ## - SUMMARY, ETC.
Summary, etc Drama.
650 ## - SUBJECT ADDED ENTRY--TOPICAL TERM
Topical term or geographic name as entry element Cyrano de Bergerac, Savinien, 1619-1655
General subdivision Drama.
650 ## - SUBJECT ADDED ENTRY--TOPICAL TERM
Topical term or geographic name as entry element France -- History -- 17th century
General subdivision Drama.
Holdings
Withdrawn status Lost status Damaged status Home library Current library Shelving location Date acquired Total Checkouts Full call number Barcode Date last seen Price effective from Koha item type
      Stonyhurst Southville International School (Batangas) Stonyhurst Southville International School (Batangas) High School Section 06/10/2015    PQ 2635 .O7 C913 1972    US-2077 06/10/2015 06/10/2015 Books

Cyrano de Bergerac :

APA

Rostand E. 1., . (1972). Cyrano de Bergerac. New York: Penguin Putnam.

Chicago

Rostand Edmond 1868-1918, . 1972. Cyrano de Bergerac. New York: Penguin Putnam.

Harvard

Rostand E. 1., . (1972). Cyrano de Bergerac. New York: Penguin Putnam.

MLA

Rostand Edmond 1868-1918, . Cyrano de Bergerac. New York: Penguin Putnam. 1972.

  • Place hold
  • Print
  • Cite
  • Add to your cart (remove)
  • Save record
    BIBTEX Dublin Core MARCXML MARC (non-Unicode/MARC-8) MARC (Unicode/UTF-8) MARC (Unicode/UTF-8, Standard) MODS (XML) RIS
  • More searches
    Search for this title in:
    Other Libraries (WorldCat) Other Databases (Google Scholar) Online Stores (Bookfinder.com) Open Library (openlibrary.org)

Exporting to Dublin Core...

SOUTHVILLE LIBRARY

Southville International School and Colleges Library

1281 Tropical Ave. Cor. Luxembourg St., BF Homes International, Las Pinas City

Tel. No. 8256374 / 252358 Loc. 117/146

Powered by Koha